00000000nam 2200000za 4500
0019.663782
003CaOODSP
00520230503104924
007ta
008150407|2002||||xxc|||||     f|0| 0 fre d
020 |a0-660-61973-3
040 |aCaOODSP|bfre
041 |aeng
041 |afre
043 |an-cn---
0861 |aEn56-173/2002
1101 |aCanada.|bEnvironnement Canada. |bService canadien des glaces.
24510|aAtlas climatique des glaces de mer : eaux du nord canadien. 1971-2000
260 |aOttawa - Ontario : |bEnvironnement Canada. |c2002.
300 |avii, 48p., illustrations, 200p. : |bgraphiques, cartes ; |c23 cm.
500 |a«En 2001 l'«Atlas climatique de la glace de mer - Côte est du Canada 1971-2000» le premier du'une série d'atlas de la glace de mer créée à partir de la base de données numériques pour la période climatique de 30 ans allant de 1971 à l'an 2000 était publié. Maintenant, pour le deuxième atlas de cette nouvelle série nous avons choisi de réunir l'Arctique canadien et la Baie d'Hudson dans un seul et même atlas. Nous espérons que ceci facilitera la compréhension des conditions climatiques des glaces pour l'ensemble des Eaux du Nord Canadien.»--Avant-propros. Données de catalogage avant publication (Canada) sont imprimées sur cette publication. N.B.: L'ISBN (0-662-61973-3) imprimé dans cette publication est incorrect.
5203 |aEn 2001 l'Atlas climatique de la glace de mer - Côte est du Canada 1971-2000 le premier du'une série d'atlas de la glace de mer créée à partir de la base de données numériques pour la période climatique de 30 ans allant de 1971 à l'an 2000 était publié. Maintenant, pour le deuxième atlas de cette nouvelle série nous avons choisi de réunir l'Arctique canadien et la Baie d'Hudson dans un seul et même atlas. Nous espérons que ceci facilitera la compréhension des conditions climatiques des glaces pour l'ensemble des Eaux du Nord Canadien.--Avant-propros
546 |aBilingue
563 |aReliure à spirale
590 |a02-18|b2002-05-03
69107|aMer|2gcpds
69107|aAtlas|2gcpds
69107|aClimat|2gcpds
69107|aGlace|2gcpds
7760#|tSea ice climatic atlas, northern Canadian waters, 1971-2000 = |w(CaOODSP)9.922199
791 |tSea ice climatic atlas: northern Canadian waters, 1971-2000 |eeng|w(CaOODSP)9.663781